000 02120cam a2200349 a 4500
003 EG-GiCUC
005 20250223030900.0
008 131102s2013 ua dh f m 000 0 eng d
040 _aEG-GiCUC
_beng
_cEG-GiCUC
041 0 _aeng
049 _aDeposite
097 _aPh.D
099 _aCai01.11.15.Ph.D.2013.Ay.S
100 0 _aAyman Mohamed Taher
245 1 0 _aSonohsterography, 2D and 3D ultrasonography versus diagnostic hysteroscopy in assessment of uterine factor in cases of female infertility /
_cAyman Mohamed Taher ; Supervised Shamel Mostafa Hefny , Fouad Abdelkar Abohemila , Wael Sayed Elsherbiny
246 1 5 _aتصوير التجويف الرحمى باستخدام الموجات فوق الصوتية مع حقن محلول ملح والموجات فوق الصوتية ثنائية وثلاثية الأبعاد ومقارنتهم مع المنظار الرحمى التشخيصى فى تقييم الرحم كعامل مسبب للعقم لدى الإناث
260 _aCairo :
_bAyman Mohamed Taher ,
_c2013
300 _a136 Leaves :
_bcharts , facsimiles ;
_c25cm
502 _aThesis (Ph.D.) - Cairo University - Faculty of Medicine - Department of Gynecology and Obstetrics
520 _aThe purpose of this study was to compare the efficacy of three dimensional sonography with tow - dimensional saline infusion sonohsterography (2D SIS) in evaluation of uterine cavity in infertile patients in reference to office hysteroscopy . Conclusion : From our study we could conclude that 2D sonohsterography has an accuracy rate higher than that of 2D sonography which is preceded by that of 3D US . SO, saline infusion may not needed if 3D US machine is available
530 _aIssued also as CD
653 4 _a2D sonography
653 4 _a2D sonohsterography
653 4 _aHysteroscopy .
700 0 _aFouad Abdelkar Abohemila ,
_eSupervisor
700 0 _aShamel Mostafa Hefny ,
_eSupervisor
700 0 _aWael Sayed Elsherbiny ,
_eSupervisor
856 _uhttp://172.23.153.220/th.pdf
905 _aNazla
_eRevisor
905 _aSoheir
_eCataloger
942 _2ddc
_cTH
999 _c43946
_d43946